Ticker de ações na bolsa de valores B3 - Statistics

Estatísticas Gerais
  • Esse quiz foi jogado 6 vezes
  • A pontuação média é 26 de 126
Estatísticas das Respostas
Hint Resposta % Correto
bebidas ABEV3 - Ambev
83%
banco ITUB4 - Itaú Unibanco
83%
petróleo e gás PETR4 - Petrobras
83%
chinelos ALPA4 - Alpargatas
67%
banco BBDC4 - Bradesco
67%
energia renovável CSAN3 - Cosan
67%
holding de investimentos ITSA4 - Itaúsa
67%
mineração VALE3 - Vale
67%
gestão ambiental AMBP3 - Ambipar
50%
companhia aérea AZUL4 - Azul
50%
banco BBAS3 - Banco do Brasil
50%
seguradora BBSE3 - BB Seguridade
50%
geradora de energia EGIE3 - Engie Brasil
50%
petróleo e gás PRIO3 - Petrorio
50%
medicina RDOR3 - Rede D'or
50%
transmissão de energia ALUP11 - Alupar
33%
bolsa de valores B3SA3 - B3
33%
distribuição de energia CPLE3 - Copel
33%
siderurgia CSNA3 - CSN
33%
metalurgia FESA4 - Ferbasa
33%
medicina diagnóstica FLRY3 - Fleury
33%
celulose KLBN11 - Klabin
33%
indústria automotiva LEVE3 - Mahle Metal Leve
33%
indústria alimentícia MDIA3 - M. Dias Branco
33%
locação de veículos MOVI3 - Movida
33%
varejo farmacêutico RADL3 - Raia Drogasil
33%
indústria ferroviária RAIL3 - Rumo
33%
energia renovável RAIZ4 - Raizen
33%
banco SANB11 - Santander
33%
joalheria VIVA3 - Vivara
33%
indústria WEGE3 - Weg
33%
agricultura AGRO3 - Brasilagro
17%
shopping center ALOS3 - Allos
17%
varejo alimentício ASAI3 - Sendas Distribuidora
17%
transmissão de energia AXIA3 - Axia Energia
17%
varejo de vestuário AZZA3 - Azzas
17%
frigorífico BEEF3 - Minerva
17%
varejo diverso BHIA3 - Casas Bahia
17%
farmacéutica BLAU3 - Blau Farmaceutica
17%
banco BPAC11 - BTG Pactual
17%
petróleo e gás BRAV3 - Brava Energia
17%
petroquímica BRKM6 - Braskem
17%
indústria alimentícia CAML3 - Camil
17%
indústria de alumínio CBAV3 - Cia Brasileira Aluminio
17%
distribuição de energia CMIG4 - Cemig
17%
mineração CMIN3 - CSN Mineração
17%
distribuição de energia CPFL3 - CPFL Energia
17%
água e saneamento CSMG3 - Copasa
17%
construtora CURY3 - Cury Construtora
17%
viagens e turismo CVCB3 - CVC Brasil
17%
seguradora CXSE3 - Caixa Seguridade
17%
construtora CYRE3 - Cyrela
17%
construtora DIRR3 - Direcional
17%
distribuidora de energia ENGI11 - Energisa
17%
distribuidora de energia EQTL3 - Equatorial
17%
construtura EZTC3 - EZ TEC
17%
indústria automotiva FRAS3 - Fras-le
17%
indústria de aço GGBR4 - Gerdau
17%
terceirização de serviços GGPS3 - Grupo GPS
17%
varejo alimentício GMAT3 - Grupo Mateus
17%
medicina GNDI3 - Notre Dame Intermédica
17%
indústria calçadista GRND3 - Grendene
17%
logística fluvial HBSA3 - Hidrovias do Brasil
17%
indústria farmacêutica HYPE3 - Hypera
17%
seguradora IRBR3 - IRB Brasil
17%
geração de energia ISAE4 - Isa Energia
17%
holding de investimentos JHSF3 - JHSF
17%
transporte rodoviário JSLG11 - JSL
17%
tecnologia LINX3 - Linx
17%
varejo de construção LJQQ3 - Lojas Quero-Quero
17%
varejo de vestuário LREN3 - Lojas Renner
17%
varejo diverso MGLU3 - Magazine Luiza
17%
construtora MRVE3 - MRV Engenharia
17%
shopping center MULT3 - Multiplan
17%
indústria automotiva MYPK3 - Iochpe Maxion
17%
distribuição de energia NEOE3 - Neoenergia
17%
seguradora ODPV3 - Odondoprev
17%
varejo alimentício PCAR3 - Pão de Açúcar
17%
varejo para animais PETZ3 - Petz
17%
indústria automotiva POMO4 - Marcopolo
17%
tecnologia POSI3 - Positivo
17%
seguradora PSSA3 - Porto Seguro
17%
petróleo e gás RECV3 - Petrorecôncavo
17%
locação de veículos RENT4 - Localiza
17%
água e saneamento SBSP3 - Sabesp
17%
educação SEER3 - Ser Educacional
17%
agricultura SLCE3 - SLC Agrícola
17%
agricultura SOJA3 - Boa Safra
17%
transmissão de energia TAEE11 - Taesa
17%
indústria bélica TASA4 - Taurus Armas
17%
telecomunicações TIMS3 - Tim Brasil
17%
tecnologia TOTS3 - Totvs
17%
agricultura TTEN3 - 3 Tentos
17%
petroquímica UNIP6 - Unipar
17%
siderurgia USIM5 - Usiminas
17%
locação de veículos VAMO3 - Vamos
17%
geração de energia AESB3 - AES Brasil
0%
geração de energia AURE3 - Auren Energia
0%
investimentos BRBI11 - BR Partners
0%
banco BRSR3 - Banrisul
0%
tecnologia CASH3 - Méliuz
0%
varejo de vestuário CEAB3 - C&A Modas
0%
educação COGN3 - Cogna Educação
0%
varejo alimentício CRFB3 - Carrefour Brasil
0%
educação CSED3 - Cruzeiro do Sul
0%
infraestrutura de mobilidade ECOR3 - Ecorodovias
0%
indústria aeronáutica EMBJ3 - Embraer
0%
petróleo e gás ENEV3 - Eneva
0%
seguradora HAPV3 - Hapvida
0%
shopping center IGTI11 - Iguatemi
0%
tecnologia INTB3 - Intelbrás
0%
indústria agrícola KEPL3 - Kepler Weber
0%
frigorífico MBRF3 - Marfrig
0%
locação de equipamentos MILS3 - Mills
0%
infraestrutura de mobilidade MOTV3 - Motiva
0%
indústria cosmética NTCO3 - Natura
0%
medicina ONCO3 - Oncoclínicas
0%
varejo farmacêutico PNVL4 - Panvel
0%
indústria ROMI3 - Industrias Romi
0%
varejo de vestuário SBFG3 - Centauro
0%
academias SMFT3 - Smart Fit
0%
celulose SUZB3 - Suzano
0%
gás e biocombustíveis UGPA3 - Ultrapar
0%
distribuição de combustíveis VBBR3 - Vibra Energia
0%
telecomunicações VIVT3 - Telefônica Brasil
0%
educação YDUQ3 - Yduqs
0%
Nenhum quiz correspondente encontrado
Distribuição das Pontuações
Porcentagem de Pessoas com Cada Pontuação
Percentil de Números Respondidos
Sua Pontuação Histórica
Você não jogou esse quiz